000
00284nam a2200109 4500
999
_c
12307
_d
12307
008
190122b ||||| |||| 00| 0 eng d
245
_a
Goodbye 'Filipino'?.
260
_a
Philippines
_b
The Philippine Star
_c
c2018
300
_a
page 9.
650
0
_9
34775
_a
Education.
942
_2
ddc
_c
PER